00743nam a2200253 a 450000100060000000300080000600500170001400800410003102000200007203500190009204000280011104100080013908200280014710000440017524500520021926000450027130000260031649000420034250500190038465000140040365000160041765000140043383000420044759748BD-RjUL20211209080750.0161227m1975 xx 000 0 eng  a0124472036(v.3) a(BD-RjUL)59872 aDLCcCarPdBD-RjULbeng aeng 223a599.01927bHOR 19751 aLi, Choh Hao,d1913- [from old catalog]00aHormonal proteins and peptides /cChoh Hao Li;  aNew York :c Academic Press, b1973-1975 a v. :bill, ;c22 cm. aHormonal proteins and peptides, v.3.  aV.1 -- v.3 --- aHormones. a Mammals.  aProteins. aHormonal proteins and peptides, v.3.